000 01210nam a2200253 a 4500
001 000043832
003 DO-SdBNP
005 20250625095019.0
008 140506s1986 dr 000 0 spa d
040 _aDO-SdBNP
_bspa
_cBNPHU
082 4 _a320.97293
_bP397c
_222
100 1 _aPeña Gómez, José Francisco
_971691
245 1 0 _aColección pensamiento político /
_cJosé Francisco Peña Gómez ; investigación, recopilación y edición, Sara Peralta de Rathe.
260 _aSanto Domingo :
_bAlfa y Omega,
_c1986.
300 _av. ;
_c23 cm.
500 _aLa biblioteca posee los vs. 4-5
505 0 _gv. 1.
_tLucha por la democracia 1963-1965 --
_gv.2 .
_tHacia la democracia 1966-1973 --
_gv.3.
_tPor la conquista de la democracia : 1974 - agosto 15 de 1978 --
_gv.4.
_tConstrucción de la democracia : Agosto 16 de 1978 - agosto 15 de 1982 --
_gv.5.
_tParticipación de la democracia: agosto 16 de 1982- agosto 15 de 1986
590 _aInventariado, 2018/LP
610 2 0 _aPartido Revolucionario Dominicano
_95214
651 _aRepública Dominicana
_xPolítica y gobierno
_y1961-
_9204
700 1 2 _aPeralta de Rathe, Sara,
_eed.
_953168
910 _aValidado. Control de calidad MFF
942 _2ddc
_cLBS1
999 _c43321
_d43321